000 00746nam a2200241Ia 4500
003 OSt
005 20220925184550.0
006 a|||||r|||| 00| 0
007 ta
008 220923b |||||||| |||| 00| 0 eng d
037 _cGeneral Book
040 _aRTL
_cRTL
_beng
041 _2eng
_aeng
082 _aX9(J372).235T.N7, L4
100 _aGeorge P S
_9126306
245 0 _aNagpur oranges
_b A mirco study on agri-business sy
260 _aAhmadabad
_bIndian institute of management publication India
_c1974
300 _a145p.
_ccm.
490 _aCentre for management in agriculture monograph, 46.
650 _aFruits
942 _hX9(J372).235T.N7, L4
_cGB
_2CC
999 _c508159
_d508159